<?xml version="1.0" encoding="UTF-8"?>
<record
    xmlns:xsi="http://www.w3.org/2001/XMLSchema-instance"
    xsi:schemaLocation="http://www.loc.gov/MARC21/slim http://www.loc.gov/standards/marcxml/schema/MARC21slim.xsd"
    xmlns="http://www.loc.gov/MARC21/slim">

  <leader>01402    a2200193   4500</leader>
  <controlfield tag="001">47913</controlfield>
  <controlfield tag="005">20260407155744.0</controlfield>
  <controlfield tag="008">260407a1960    arg                 spa d</controlfield>
  <controlfield tag="003">AR-UNSa-BCEJYS</controlfield>
  <datafield tag="040" ind1=" " ind2=" ">
    <subfield code="a">AR-UNSa-BCEJYS</subfield>
    <subfield code="b">spa</subfield>
    <subfield code="c">AR-UNSa-BCEJYS</subfield>
  </datafield>
  <datafield tag="080" ind1=" " ind2=" ">
    <subfield code="a">101.1</subfield>
    <subfield code="x">Naturaleza de la filosof&#xED;a. La filosof&#xED;a como ciencia. La filosof&#xED;a como arte (pensamiento filos&#xF3;fico)</subfield>
  </datafield>
  <datafield tag="245" ind1="1" ind2="0">
    <subfield code="a">Introducci&#xF3;n a la filosof&#xED;a</subfield>
  </datafield>
  <datafield tag="264" ind1=" " ind2="1">
    <subfield code="a">Madrid :</subfield>
    <subfield code="b">Gredos</subfield>
    <subfield code="c">1960</subfield>
  </datafield>
  <datafield tag="300" ind1=" " ind2=" ">
    <subfield code="a">414 p.</subfield>
    <subfield code="c">21 cm.</subfield>
  </datafield>
  <datafield tag="505" ind1=" " ind2=" ">
    <subfield code="a">1. La voz "filosof&#xED;a" en griegos y romanos - 2. La voz "filosof&#xED;a" despu&#xE9;s del cristianismo - 3. Plat&#xF3;n - 4. Arist&#xF3;teles - 5. Origen del conocimiento - 6. Supuestos y estructura del conocimiento - 7. Ciencia y filosof&#xED;a - 8. Filosof&#xED;a y sentido com&#xFA;n - 9. Filosof&#xED;a y teolog&#xED;a - 10. Los temas de la filosof&#xED;a - 11. El tema del conocimiento: Kant - 12. El tema de la cultura - Segunda Parte: 13. Realismo y filosof&#xED;a: Santo Tom&#xE1;s - 14. Abstracci&#xF3;n y filosof&#xED;a - 15. Clasificaci&#xF3;n de las ciencias: l&#xF3;gica, cosmolog&#xED;a - 16. La psicolog&#xED;a - 17. La metaf&#xED;sica - 18. Las ciencias pr&#xE1;cticas - 19. El espiritualismo - 20. La fenomenolog&#xED;a: Husserl y Descartes - 21. La teor&#xED;a de los objetos - 22. Max Scheler y los valores - 23. Heidegger y la filosof&#xED;a existencial - 24. El marxismo - </subfield>
  </datafield>
  <datafield tag="942" ind1=" " ind2=" ">
    <subfield code="c">BK</subfield>
  </datafield>
  <datafield tag="590" ind1=" " ind2=" ">
    <subfield code="a">niveau_biblio:m niveau_hierar:0</subfield>
  </datafield>
  <datafield tag="100" ind1="1" ind2=" ">
    <subfield code="a">Casas, Manuel Gonzalo</subfield>
  </datafield>
  <datafield tag="999" ind1=" " ind2=" ">
    <subfield code="c">4482</subfield>
    <subfield code="d">4482</subfield>
  </datafield>
  <datafield tag="952" ind1=" " ind2=" ">
    <subfield code="0">0</subfield>
    <subfield code="1">0</subfield>
    <subfield code="4">0</subfield>
    <subfield code="7">0</subfield>
    <subfield code="a">BCEJYS</subfield>
    <subfield code="b">BCEJYS</subfield>
    <subfield code="c">16</subfield>
    <subfield code="d">2026-04-07</subfield>
    <subfield code="l">0</subfield>
    <subfield code="o">101.1 C334</subfield>
    <subfield code="p">L20554</subfield>
    <subfield code="r">2026-04-07 15:57:44</subfield>
    <subfield code="w">2026-04-07</subfield>
    <subfield code="y">L</subfield>
  </datafield>
</record>
